EA Sports FC 26 Top 100 Scottish Players - Statistics

General Stats
  • This quiz has been taken 31 times
  • The average score is 35 of 100
Answer Stats
# Player OVR POS Team % Correct
2 Andrew Robertson 82 LB Liverpool
100%
3 John McGinn 81 LM Aston Villa
96%
1 Scott McTominay 85 CM Napoli
96%
9 Che Adams 77 ST Torino
81%
4 Callum McGregor 79 CDM Celtic
74%
6 Lewis Ferguson 78 CM Bologna
74%
32 Nathan Ferguson 71 RB Everton
74%
8 Kieran Tierney 77 LB Celtic
70%
15 Billy Gilmour 74 CM Napoli
63%
13 Aaron Hickey 74 RB Brentford
59%
26 Angus Gunn 72 GK Nottingham Forest
59%
12 Jack Hendry 74 CB Al Ettifak
59%
5 Ryan Christie 79 CDM Bournemouth
59%
22 John Souttar 73 CB Rangers
56%
67 Lyndon Dykes 68 ST Birmingham
52%
35 Ben Doak 71 RM Bournemouth
48%
24 Lawrence Shankland 73 ST Heart of Midlothian
48%
10 Scott Mckenna 75 CB Dinamo Zagreb
48%
14 Tom Cairney 74 CM Fulham
48%
30 Anthony Ralston 71 RB Celtic
44%
23 Barry Bannan 73 CM Sheffield Wednesday
44%
38 Grant Hanley 71 CB Hibernian
44%
31 Lennon Miller 71 CM Udinese
44%
42 Ryan Fraser 70 LM Southampton
44%
29 George Hirst 72 ST Ipswich Town
41%
27 Kenny McLean 72 CDM Norwich City
41%
18 Lews Morgan 73 ST New York Red Bulls
41%
16 Oli McBurnie 74 ST Hull City
41%
7 Ryan Gauld 78 LW Vancouver Whitecaps
41%
33 Ryan Porteous 71 CB LAFC
41%
41 Zander Clark 70 GK Heart of Midlothian
41%
86 Alan Forrest 67 LM Heart of Midlothian
37%
53 Andy Irving 70 CM West Ham
37%
25 Connor Barron 72 CDM Rangers
37%
89 Craig Gordon 67 GK Heart of Midlothian
37%
51 Graeme Shinnie 70 CDM Aberdeen
37%
11 Greg Taylor 74 LB PAOK
37%
28 James Forrest 72 RW Celtic
37%
34 Kevin Nisbet 71 ST Aberdeen
37%
21 Oliver Burke 73 ST Union Berlin
37%
92 Scott Bain 66 GK Falkirk
37%
44 Tommy Conway 70 ST Middlesbrough
37%
59 Craig Halkett 69 CB Heart of Midlothian
33%
58 Jacob Brown 69 ST Luton Town
33%
19 Josh Doig 73 LM Sassuolo
33%
56 Nicky Devlin 69 RB Aberdeen
33%
48 Ross McCrorie 70 RB Bristol City
33%
97 Stuart Findlay 66 CB Heart of Midlothian
33%
73 Callum Patterson 68 ST MK Dons
30%
52 Daniel Armstrong 70 RM Dinamo Bucuresti
30%
37 Dominic Hyam 71 CB Wrexham
30%
75 George Johnston 67 CB Bolton Wanderers
30%
17 Luke McCowan 73 CM Celtic
30%
64 Max Johnston 68 RB Derby Town
30%
60 Ryan Hardie 69 ST Wrexham
30%
61 Scott Wright 69 RM Birmingham
30%
43 Siriki Dembele 70 LM Oxford United
30%
55 Blair Spittal 69 LM Heart of Midlothian
26%
78 Dane Murray 67 CB Celtic
26%
79 Danny Wilson 67 CB Livingston
26%
40 David Turnbull 70 CM Cardiff City
26%
93 David Watson 66 CM Kilmarnock
26%
62 Greg Stewart 69 CAM Mohun Bagan
26%
54 James Penrice 70 LB AEK Athens
26%
50 Johnny Russell 70 RW Real Salt Lake
26%
98 Leon King 66 CB Rangers
26%
46 Liam Henderson 70 CM Sampdoria
26%
87 Liam Kelly 67 GK Rangers
26%
39 Liam Lindsay 71 CB Preston North End
26%
49 Nicky Cadden 70 LM Hibernian
26%
36 Ross Stewart 71 ST Southampton
26%
90 Simon Murray 67 ST Dundee FC
26%
47 Kai Naismith 70 CB Luton Town
22%
81 Liam Palmer 67 CB Sheffield Wednesday
22%
82 Lyall Cameron 67 CM Rangers
22%
72 Mark O'Hara 68 CM St Mirren
22%
68 Stephen Welsh 68 CB Motherwell
22%
63 David Bates 69 CB Standard Liege
19%
45 Fraser Hornby 70 ST Darmstadt
19%
91 Greg Docherty 66 CDM Charlton Athletic
19%
70 Ibane Bowat 68 CB Portsmouth
19%
76 Jack MacKenzie 67 LB Plymouth Argyle
19%
20 Jordan Holsgrove 73 CM Estoril
19%
100 Lewis Mayo 66 CB Kilmarnock
19%
57 Marc Leonard 69 CM Birmingham
19%
95 Ron Apter 66 RM Charlton Athletic
19%
84 Stephen Kingsley 67 CB Heart of Midlothian
19%
83 Jack Grimmer 67 RB Wycombe Wanderers
15%
94 Jason Kerr 66 CB Wigan Athletic
15%
65 Jay Fulton 68 CDM Swansea
15%
96 Kyle Joseph 66 ST Hull City
15%
71 Liam Morrison 68 CB Queens Park Rangers
15%
85 Matt Phillips 67 LM Burton Albion
15%
74 Matt Ritchie 68 RM Reading
15%
77 Robbie Ure 67 ST IK Sirius
15%
88 Craig Forsyth 67 LB Derby County
11%
80 Ethan Erhahon 67 CDM Bolton Wanderers
11%
66 Michael Rose 68 CB Salford
11%
69 Murray Wallace 68 CB Huddersfield Town
11%
99 Jordan McGhee 66 RB Motherwell
7%
No matching quizzes found
Score Distribution
Percent of People with Each Score
Percentile by Number Answered
Your Score History
You have not taken this quiz